Geography Quiz

Random Geography or City Quiz

🌌 Closest cities to English Channel Quiz Stats

 Plays Quiz not verified by Sporcle

Also try: Japanese Islands
Challenge
Share
Tweet
Embed
Score 0/51 Timer 10:00
0 Plays Today
km City, Town % Correct
77London
96.7%
0Southampton
83%
0Portsmouth
82.7%
0Brighton
78.5%
0Plymouth
74.1%
149Paris
72.1%
83Bristol
71%
0Exeter
62.7%
108Oxford
62.3%
74Reading
61.4%
0Bournemouth
59.6%
143Cambridge
54.3%
90Lille
53.4%
85Cardiff
51.8%
103Ipswich
49.1%
79Bath
45.8%
116Swansea
45.6%
0Le Havre
44.7%
22 Brest
42%
0Poole
41.7%
0Caen
41.4%
91Swindon
41.1%
94Bruges
39.4%
59Southend-on-Sea
37.7%
53Rouen
36.6%
130Gloucester
35.6%
km City, Town % Correct
90Colchester
34.9%
0Eastbourne
34.8%
118 Luton
34.6%
55Rennes
34.3%
95Newport
34.2%
128Ghent
32.4%
42Maidstone
31.2%
93Watford
30.4%
139Milton Keynes
29.9%
31Crawley
29.4%
86Chelmsford
29%
79Slough
29%
64Amiens
25.3%
132Cheltenham
23.7%
140Le Mans
23%
0Worthing
21.7%
51Gillingham
21.6%
146Boulogne-Billancourt
21.4%
53Basingstoke
21.1%
57Woking
17.6%
70Basildon
13.4%
145Angers
13%
93High Wycombe
12.8%
142Saint-Denis
8.6%
137Argenteuil
3.9%

You're not logged in!

Compare scores with friends on all Sporcle quizzes.
OR
Log In

You Might Also Like...

Show Comments

Extras

Top Quizzes Today


Score Distribution

Your Account Isn't Verified!

In order to create a playlist on Sporcle, you need to verify the email address you used during registration. Go to your Sporcle Settings to finish the process.

Report this User

Report this user for behavior that violates our Community Guidelines.

Details: